| 000 | 00520nam a2200205Ia 4500 | ||
|---|---|---|---|
| 003 | GCL | ||
| 008 | 140319s9999 xx 000 0 eng d | ||
| 040 |
_aGCL / _cGCL |
||
| 082 | 0 | 4 |
_a755.56 _bF S |
| 100 | 1 | _aFERGUSON, GEORGE | |
| 245 | 1 | 0 |
_aSIGNS & SYMBOLS IN CHRISTIAN ART / _cFERGUSON, GEORGE |
| 260 |
_a[S.N] : _bA HESPERIDES BOOK ، _c1961 |
||
| 300 | _a192 P | ||
| 650 | 0 | 4 | _aPAINTING |
| 650 | 0 | 4 | _aART, CHRISTIAN |
| 650 | 0 | 4 | _aSYMBOLS |
| 650 | 0 | 4 | _aSIGNS |
| 650 | 0 | 4 | _aRENAISSANCE PERIOD |
| 942 |
_2ddc _cBK |
||
| 999 |
_c20610 _d20610 |
||